000 00336nam a22001337a 4500
999 _c520779
_d520779
008 221012b ||||| |||| 00| 0 eng d
100 _aGairola, Sumeet
_935202
245 _aBlooming business of lavender
260 _aYojana
300 _a66(9), Sep, 2022: p.46-48
773 _aYojana
906 _aAGRICULTURE
942 _cAR